| 000 | 00978nam a2200265Ia 4500 | ||
|---|---|---|---|
| 008 | 130821s1995 sp gr dspa | ||
| 020 | _a8485156811 | ||
| 040 |
_aCo-BoUCM _bspa |
||
| 041 | 0 | 0 | _aspa |
| 100 | 1 | 0 |
_aHitler, Adolf _d1889-1945 |
| 245 | 1 | 0 |
_aMi lucha _cAdolf Hitler ; traducción Miguel Serrano |
| 260 |
_aBarcelona (España) _bWotan _c1995 |
||
| 300 | _a514 páginas | ||
| 500 | _aPrimera edición completa en castellano. Dos volúmenes en uno. | ||
| 505 | _aV.1 : Retrsopección. -- V.2 : El movimiento nacionalsocialista. | ||
| 600 | 1 | 0 |
_aHitler, Adolfo _d1889-1945 _vAutobiografía |
| 600 | 1 | 0 |
_aHitler, Adolfo _d1889-1945 _xPensamiento político |
| 650 | 0 | 4 |
_aBiografías _97343 |
| 650 | 0 | 4 |
_aCiencia política _9340 |
| 650 | 0 | 4 |
_aHistoria de Europa _926509 |
| 650 | 0 | 4 |
_aNacionalismo _xHistoria _920063 |
| 651 |
_aAlemania _xPolítica y gobierno _ySiglo XX _926738 |
||
| 942 |
_cLIBRO _a19 _e1 _mH675m _2DEWEY _h923.2 |
||
| 999 |
_c41992 _d41992 |
||